logo

Bir Sreshtho Munshi Abdur Rouf Library
Jhenaidah Cadet College

A regional geography for advanced and scholarship courses / (Record no. 8416)

MARC details
000 -LEADER
fixed length control field 00798cam a2200265 a 4500
001 - CONTROL NUMBER
JCCL Control Number 8416
003 - CONTROL NUMBER IDENTIFIER
JCCL marc code BD-JhCC
005 - DATE AND TIME OF LATEST TRANSACTION
control field 20180224100858.0
008 - FIXED-LENGTH DATA ELEMENTS--GENERAL INFORMATION
fixed length control field 920217s1959 enkabd 001 0 eng d
035 ## - SYSTEM CONTROL NUMBER
system control number (BD-JhCC)8416
035 ## - SYSTEM CONTROL NUMBER
system control number 984548
040 ## - CATALOGING SOURCE
Original cataloging agency ANL
Transcribing agency ANL
Modifying agency BD-JhCC
041 ## - LANGUAGE CODE
Language code of Book eng
082 04 - DEWEY DECIMAL CLASSIFICATION NUMBER
Classification number 330.9
Author mark and Year STA 1964
100 1# - MAIN ENTRY--PERSONAL NAME
Personal name Stamp, L. Dudley
Fuller form of name (Laurence Dudley),
Dates associated with a name 1898-1966.
240 10 - UNIFORM TITLE
Uniform title Regional geography for higher certificate and intermediate courses
245 12 - TITLE STATEMENT
Title A regional geography for advanced and scholarship courses /
Statement of responsibility, etc by Sir Dudley Stamp.
260 ## - PUBLICATION, DISTRIBUTION, ETC. (IMPRINT)
Place of publication, distribution, etc London :
Name of publisher, distributor, etc Longmans,
Date of publication, distribution, etc 1959.
300 ## - PHYSICAL DESCRIPTION
Pagination 240 p. :
Dimensions 22 cm.
505 1# - FORMATTED CONTENTS NOTE
Formatted contents note pt. 1. The Americas.
650 #0 - SUBJECT ADDED ENTRY--TOPICAL TERM
Topical term or geographic name as entry element Commercial geography.
650 #0 - SUBJECT ADDED ENTRY--TOPICAL TERM
Topical term or geographic name as entry element Commercial products.
942 ## - ADDED ENTRY ELEMENTS (KOHA)
Source of classification or shelving scheme Dewey Decimal Classification
Koha item type Books
Holdings
Source of classification or shelving scheme Damaged status Not for loan Home library Current library Shelving location Date of accession Total Checkouts Full call number Barcode Date last seen Copy number Koha item type
Dewey Decimal Classification     JCC Rouf Library JCC Rouf Library General Stacks 02/24/2018   330.9 STA 1964 11016 02/24/2018 C-1 Books
Dewey Decimal Classification     JCC Rouf Library JCC Rouf Library General Stacks 02/24/2018   330.9 STA 1964 11011 02/24/2018 C-2 Books

JCC Library | Contacts | JCC Home

Last Update on 23 September 2017
Copyright @ 2017-2020 JCC Rouf Library
Rouf Library, Jhenidah Cadet College (JCC), Bangladesh